A Don Quijote (Record no. 181246)
[ view plain ]
| 000 -LEADER | |
|---|---|
| campo de control de longitud fija | 01117nam a2200217 i 4500 |
| 001 - NÚMERO DE CONTROL | |
| campo de control | 181246 |
| 003 - IDENTIFICADOR DE NÚMERO DE CONTROL | |
| campo de control | ES-MaACL |
| 005 - FECHA Y HORA DE LA ÚLTIMA TRANSACCIÓN | |
| campo de control | 20250818054851.0 |
| 008 - DATOS DE LONGITUD FIJA--INFORMACIÓN GENERAL | |
| campo de control de longitud fija | 121108s1905 mx c |||| | spa d |
| 080 ## - NÚMERO DE LA CLASIFICACIÓN DECIMAL UNIVERSAL | |
| Número de la Clasificación Decimal Universal | 821.134.2(72)-14"18" |
| 100 1# - ENTRADA PRINCIPAL--NOMBRE DE PERSONA | |
| Nombre de persona | Fernández Granados, Enrique. |
| 9 (RLIN) | 151805 |
| 245 10 - MENCIÓN DEL TÍTULO | |
| Título | A Don Quijote |
| Resto del título | : composición que al premio ofrecido por "El Imparcial" para la poesía lírica, en el concurso con que el Liceo Altamirano celebró el tercer centenario de la publicación de Don Quijote, obtuvo el accésit ... / |
| Mención de responsabilidad, etc. | Enrique Fernández Granados. |
| 260 ## - PUBLICACIÓN, DISTRIBUCIÓN, ETC. | |
| Lugar de publicación, distribución, etc. | México [D.F.] : |
| Nombre del editor, distribuidor, etc. | [s.n.], |
| Fecha de publicación, distribución, etc. | 1905 ( |
| Fabricante | Imp. por los Sucesores de Francisco Díaz de León) |
| 300 ## - DESCRIPCIÓN FÍSICA | |
| Extensión | 11 p. : |
| Otras características físicas | 1 retr. ; |
| Dimensiones | 22 cm. |
| 530 ## - NOTA DISPONIBLE DE FORMULARIO FÍSICO ADICIONAL | |
| Nota de formato físico adicional disponible | Disponible en formato digital. |
| 600 14 - PUNTO DE ACCESO ADICIONAL DE MATERIA--NOMBRE DE PERSONA | |
| Nombre de persona | Cervantes Saavedra, Miguel de, |
| Fechas asociadas al nombre | 1547-1616. |
| Título de la obra | Don Quijote de la Mancha- |
| Subdivisión de forma | Aniversarios y centenarios |
| 9 (RLIN) | 37614 |
| 650 #7 - PUNTO DE ACCESO ADICIONAL DE MATERIA--TÉRMINO DE MATERIA | |
| Término de materia o nombre geográfico como elemento de entrada | Don Quijote (Personaje de ficción)- |
| Subdivisión de forma | Poesías |
| Fuente del encabezamiento o término | |
| 9 (RLIN) | 149573 |
| 852 ## - LOCALIZACIÓN | |
| Ubicación | ES-MaACL |
| Número de control de estantería | T-1082-F-2 |
| 856 ## - LOCALIZACIÓN Y ACCESO ELECTRÓNICOS | |
| Identificador Uniforme de Recursos | <a href="http://bdh-rd.bne.es/viewer.vm?id=0000038560&page=1 ">http://bdh-rd.bne.es/viewer.vm?id=0000038560&page=1 </a> |
| Nota pública | Biblioteca Digital Hispánica |
| Estatus retirado | Estado de pérdida | Estado de daño | No para préstamo | Colección | Biblioteca de origen | Biblioteca actual | Ubicación en estantería | Fecha de adquisición | Fuente de adquisición | Total de préstamos | Signatura topográfica completa | Código de barras | Visto por última vez | Precio de reemplazo | Tipo de ítem Koha |
|---|---|---|---|---|---|---|---|---|---|---|---|---|---|---|---|
| Colección de folletos | Biblioteca del Ateneo de Madrid | Biblioteca del Ateneo de Madrid | Depósito folletos | 08/11/2012 | T-1082-F-2 | 1190464 | 23/02/2023 | 23/02/2023 | Folleto |
